Mundt, Barbara. Der Pommersche Kunstschrank des Augsburger Unternehmers Philipp Hainhofer für den gelehrten Herzog Philipp II. von Pommern. - München
| Titel: | Mundt, Barbara. Der Pommersche Kunstschrank des Augsburger Unternehmers Philipp Hainhofer für den gelehrten Herzog Philipp II. von Pommern. - München : Hirmer. - 2009 [Rezension] |
|---|---|
| Verfasser: | |
| In: |
Jahrbuch für Regionalgeschichte, Band 29 (2011), Seite 152-154 alle Artikel anzeigen |
| Veröffentlicht: | 2011 |
| Format: | Aufsatz |
| Sprache: | Deutsch |
X
alg: 39479721 001A $01999:12-11-16 001B $01999:03-08-21 $t21:02:39.000 001D $01999:12-11-16 001U $0utf8 001X $00 002@ $0Aox 003@ $0394797213 007A $0394797213 $aHEB 007T $0Herdc0110269m 010@ $ager 011@ $a2011 013D $#Newspapers Sections, columns, etc. Reviews $#Book reviewing $#Journaux Cahiers, chroniques, etc. Comptes rendus $#Livres Recension $#Rezension $#Buchbesprechung $#Buchrezension $#Buchkritik $74049712-4 $8Rezension [Ts1] $9085138568 021A $aMundt, Barbara. Der @Pommersche Kunstschrank des Augsburger Unternehmers Philipp Hainhofer für den gelehrten Herzog Philipp II. von Pommern. - München $dHirmer. - 2009 [Rezension] 028A $aMetzger $dTanja 031A $d29 $h152-154 $j2011 039B $aIn $8--Abvc--. Jahrbuch für Regionalgeschichte. - Stuttgart : Steiner, 1965-. - ISSN 1860-8248 $x201100000290000848 $9046840451 039T $8--Aau--Mundt, Barbara$Z1936- [Tp1]. Der @Pommersche Kunstschrank des Augsburger Unternehmers Philipp Hainhofer für den gelehrten Herzog Philipp II. von Pommern. - München : Hirmer, [2009]. - 447 S.. - Ill., graph. Darst.. - ISBN 978-3-7774-8045-9 $9214259269 045F $a900.943816 $eDDC23BSB 045F/01 $a900 045F/03 $g43816 045T $a8,1 lok: 39479721 78 exp: 39479721 78 1 #EPN 201B/01 $018-11-16 $t12:45:50.000 201U/01 $0utf8 203@/01 $0791095827 208@/01 $a12-11-16 $be 209A/01 $a/ $f000 $x00 220C/01 $aTitelaufnehmer: pg 220C/01 $aHerkunft: HI Marburg 244Z/01 $2Trx $#Pomeranija $#Pommern $#Pomoransko $#Pomořansko $#Hinterpommern;Vorpommern;Mittelpommern $#Pomorze Środkowe;Pomorze Przednie $#Pomořansko;Západní Pomořany; Pomořany $8--Trx--Pomorze Zachodnie $x01 $9391303775 244Z/01 $2Trx $#arvustused $#recenzijos $#Reviews $#recenziók $#recenzje $#recenzie $#recenze $8--Trx--Rezensionen $x02 $9391357441 247C/01 $82080>Marburg/Lahn, Herder-Institut, Forschungsbibliothek, Bibliographieportal $9336309341
| LEADER | 00000caa a22000002c 4500 | ||
|---|---|---|---|
| 001 | 394797213 | ||
| 003 | DE-603 | ||
| 005 | 20210803210239.0 | ||
| 007 | tu | ||
| 008 | 161112s2011 xx |||| | u00||u|ger c | ||
| 035 | |a (DE-599)HEB394797213 | ||
| 040 | |a DE-603 |b ger |c DE-603 |d DE-603 | ||
| 041 | |a ger | ||
| 082 | 0 | 4 | |8 1\u |a 900.943816 |q DE-101 |2 23/BSB |
| 084 | |a 8,1 |2 ssgn | ||
| 085 | |8 1\u |b 900 | ||
| 085 | |8 1\u |z 2 |s 43816 | ||
| 100 | 1 | |a Metzger, Tanja | |
| 245 | 0 | 0 | |a Mundt, Barbara. Der Pommersche Kunstschrank des Augsburger Unternehmers Philipp Hainhofer für den gelehrten Herzog Philipp II. von Pommern. - München |b Hirmer. - 2009 [Rezension] |
| 264 | 0 | |c 2011 | |
| 655 | 7 | |a Rezension |2 gnd-content |0 (DE-588)4049712-4 |0 (DE-603)085138568 | |
| 773 | 0 | 8 | |i In |t Jahrbuch für Regionalgeschichte |d Stuttgart : Steiner, 1965- |x 1860-8248 |g Band 29 (2011), Seite 152-154 |w (DE-603)046840451 |w (DE-600)2629-3 |
| 787 | 0 | 8 | |i Rezension von |a Mundt, Barbara, 1936- |t Der Pommersche Kunstschrank des Augsburger Unternehmers Philipp Hainhofer für den gelehrten Herzog Philipp II. von Pommern |d München : Hirmer, [2009] |h 447 S., Ill., graph. Darst. |z 9783777480459 |z 3777480452 |w (DE-603)214259269 |
| 924 | 0 | |9 2080 |a (DE-603)791095827 |b DE-2080 |c HES |d d |g / | |


